| 000 | 00779nas a2200265 4500 | ||
|---|---|---|---|
| 001 | BR2016004390 | ||
| 003 | BR-BrBNA | ||
| 005 | 20231205130652.0 | ||
| 007 | ta | ||
| 008 | 230509b bl.|||p| |||| 00| 00por d | ||
| 040 |
_aBR-BrBNA _bpor _cBiblioteca Nacional de Agricultura |
||
| 041 | _a(Pt) | ||
| 072 | _aL73 | ||
| 100 | 1 | _aSilva, P.L. da | |
| 245 | 1 |
_aO tifo aviário na avicultura de corte _bEncarte Especial Tifo Aviário |
|
| 650 | _aFEBRE TIFOIDE | ||
| 650 | _aDOENÇA ANIMAL | ||
| 650 | _aERRADICAÇÃO | ||
| 650 | _aAVE DOMÉSTICA | ||
| 650 | _aAVICULTURA | ||
| 650 | _aDIAGNÓSTICO | ||
| 773 | 0 |
_tProdução Animal. Avicultura (Brazil) _xISSN 1983-0017 _g(Mar 2015), v. 1 _wBR2016004390 |
|
| 909 |
_a202311 _bLúcia _c55 _dLúcia Elande |
||
| 942 |
_2AGRIS _n0 _cANA |
||
| 999 |
_c250622 _d250622 |
||